书目信息 |
| 题名: |
高中英语综合复习
|
|
| 作者: | 孙晓梅 , 雍永政 主编 | |
| 分册: | ||
| 出版信息: | 重庆 重庆大学出版社 2000.04 |
|
| 页数: | 319页 | |
| 开本: | 32开 | |
| 丛书名: | ||
| 单 册: | ||
| 中图分类: | G633.41 | |
| 科图分类: | ||
| 主题词: | 教育--各级 | |
| 电子资源: | ||
| ISBN: | 7-5624-1764-4 | |
| 000 | 00613nam0 2200205 45 | |
| 001 | 0008211632 | |
| 005 | 20000821164834.4 | |
| 010 | @a7-5624-1764-4@d12.00元 | |
| 100 | @a20000821d2000 km y0chiy0120 ea | |
| 101 | 0 | @achi |
| 105 | @a z 000yy | |
| 200 | 1 | @a高中英语综合复习@AGao Zhong Ying Yu Zong He Fu Xi@f孙晓梅,雍永政主编@FSun Xiao Mei,Yong Yong Zheng Zhu Bian |
| 210 | @a重庆@c重庆大学出版社@d2000.04 | |
| 215 | @a319页@d32开 | |
| 606 | 0 | @a教育@x各级 |
| 690 | @aG633.41@v3 | |
| 701 | 0 | @a孙晓梅@4主编 |
| 701 | 0 | @a雍永政@4主编 |
| 801 | @aCN@bPftUser@c20000821 | |
| 905 | @b113472-473@dG633.41@eS516@f2 | |
| 高中英语综合复习/孙晓梅,雍永政主编.-重庆:重庆大学出版社,2000.04 |
| 319页;32开 |
| ISBN 7-5624-1764-4:12.00元 |
| ● |
| 相关链接 |
|
|
|
正题名:高中英语综合复习
索取号:G633.41/S516
 
预约/预借
| 序号 | 登录号 | 条形码 | 馆藏地/架位号 | 状态 | 备注 |
| 1 | 113472 | 201134726 | 社科库409/409社科库 7排3列1层/ [索取号:G633.41/S516] | 在馆 | |
| 2 | 113473 | 201134735 | 社科库409/409社科库 7排3列1层/ [索取号:G633.41/S516] | 在馆 |